| 000 | 00352nam a22001337a 4500 | ||
|---|---|---|---|
| 020 | _a9789384964412 | ||
| 082 | _a270.082 KOC | ||
| 100 | _aKochuthara, Shaji George | ||
| 245 | _aGender Justice in The Church and Society | ||
| 260 |
_aBangalore _bDharmaram Publications _c2016 |
||
| 300 | _a476 | ||
| 650 | _aChurch History-Gender Justice | ||
| 942 | _cBK | ||
| 999 |
_c23191 _d23191 |
||